00745nam a2200241 a 4500001001300000003000900013005001700022008004100039020000900080082001800089100004100107245002000148260004000168300000900208500003500217505004700252650001600299700004100315902000800356942000700364952011700371999001500488nice12345678IN_TiNIC20260116012908.0050524s1983 iraa grp 000 0 urd  ac1500a891.4391bSAH aSaheb Hyderabadi, Muzafferuddin Khan aWaraq Der Waraq aIranbIdara-I-Adabiyat-I-Urduc1983 a192p aincludes index and biblioraphy2 aFoot notes by Maulana Maulvi Ilahi Bakhsh. aUrdu-Poetry1 aSaheb Hyderabadi, Muzafferuddin Khan bRBA cBK 001040708RareBook->aHMIbHMId2007-06-25g15.00l0o891.4391 SAHp011742r2007-06-25v15.00w2005-05-24yBK c8792d8792